<?xml version="1.0" encoding="UTF-8"?>
<collection xmlns="http://www.loc.gov/MARC21/slim">
 <record>
  <leader>06345nam a2200433 a 4500</leader>
  <controlfield tag="001">kal2118</controlfield>
  <controlfield tag="003">Gr-AtHEAL</controlfield>
  <controlfield tag="005">20160427103252.0</controlfield>
  <controlfield tag="006">m        d        </controlfield>
  <controlfield tag="008">160413s2015    gr      s           gre|c</controlfield>
  <datafield tag="020" ind1=" " ind2=" ">
   <subfield code="a">9789606032394</subfield>
  </datafield>
  <datafield tag="040" ind1=" " ind2=" ">
   <subfield code="a">GR-AtHEAL</subfield>
   <subfield code="b">gre</subfield>
   <subfield code="c">GR-AtHEAL</subfield>
  </datafield>
  <datafield tag="082" ind1="0" ind2="4">
   <subfield code="a">536.2</subfield>
   <subfield code="2">23</subfield>
  </datafield>
  <datafield tag="100" ind1="1" ind2=" ">
   <subfield code="a">Στέγγου - Σαγιά, Αθηνά.</subfield>
   <subfield code="8">2560</subfield>
  </datafield>
  <datafield tag="245" ind1="1" ind2="0">
   <subfield code="a">Θερμικές διεργασίες</subfield>
   <subfield code="h">[Ηλεκτρονικός πόρος] </subfield>
   <subfield code="c">Στέγγου - Σαγιά, Αθηνά ; Κριτικός αναγνώστης,Αρετάκης, Νικόλαος ; Γραφιστική και τεχνική επιμέλεια,Γαζετάς, Νικόλαος ; Γλωσσική επιμέλεια,Παπαντώνη, Χριστίνα.</subfield>
  </datafield>
  <datafield tag="260" ind1=" " ind2=" ">
   <subfield code="a">Αθήνα :</subfield>
   <subfield code="b">Σύνδεσμος Ελληνικών Ακαδημαϊκών Βιβλιοθηκών,</subfield>
   <subfield code="c">c2015.</subfield>
  </datafield>
  <datafield tag="490" ind1=" " ind2=" ">
   <subfield code="a">Ακαδημαϊκά Ηλεκτρονικά Συγγράμματα και Βοηθήματα Κάλλιπος</subfield>
   <subfield code="8">40</subfield>
  </datafield>
  <datafield tag="505" ind1=" " ind2=" ">
   <subfield code="a">1. Στοιχεία από τη θεωρία μεταφοράς μάζας2. Εξάτμιση σε πύργους ψύξης3. Σχεδιασμός και λειτουργία συσκευών που χρρησιμοποιούνται σε διεργασίες υγρών – αέριων ρευμάτων4. Απορρόφηση - εκρόφηση αερίων5. Ξήρανση των στερεών6. Προσρόφηση7. Ψυκτικές διεργασίες και περιβαλλον</subfield>
  </datafield>
  <datafield tag="520" ind1=" " ind2=" ">
   <subfield code="a">Το βιβλίο αυτό απευθύνεται στους φοιτητές και μηχανικούς που ενδιαφέρονται για τα θέματα της περιοχής των Θερμικών Διεργασιών. Υποστηρίζει τo μάθημα των Συσκευών και Εγκαταστάσεων Θερμικών Διεργασιών διδάσκεται στη Σχολή των Μηχανολόγων Μηχανικών του Εθνικού Μετσοβίου Πολυτεχνείου περίπου 30 χρόνια. Στο πρώτο κεφάλαιο αναπτύσσονται τα απαραίτητα στοιχεία από τη θεωρία μεταφοράς μάζας για την κατανόηση των υπολογιστικών μεθόδων προσέγγισης των διεργασιών. Αναλύονται διεξοδικά διεργασίες κατά την επαφή υγρών-αερίων ρευμάτων με ιδιαίτερη έμφαση στη μοντελοποίηση της λειτουργίας των ψυκτικών πύργων και εκτενή παρουσίαση κατασκευαστικών λεπτομερειών. Στην τρίτη ενότητα παρατίθεται υπολογιστική διαδικασία προτεινόμενη από τη διεθνή βιβλιογραφία για τη διαστασιολόγηση πύργων με δίσκους και πύργων με πληρωτικά υλικά σε βιομηχανικές εφαρμογές. Στη συνέχεια μελετώνται διεξοδικά, με επιλεγμένη θεωρητική ανάλυση, οι διεργασίες απορρόφησης και εκρόφησης με μεταφορά μάζας μιας συνιστώσας και πολλών συνιστωσών. Στο πέμπτο κεφάλαιο του βιβλίου παρουσιάζεται το απαιτούμενο θεωρητικό υπολογιστικό υπόβαθρο για την ξήρανση και τυπικά παραδείγματα βιομηχανικών ξηραντήρων.Η περιοχή των Θερμικών Διεργασιών είναι πολύ εκτεταμένη. Η προσρόφηση στην έκτη ενότητα ενημερώνει για τη δυνατότητα αφαίρεσης συστατικών μικρής περιεκτικότητας από μείγματα αερίων ή υγρών λόγω επιλεκτικών ιδιοτήτων του προσροφητικού υλικού.Το 7ο κεφάλαιο αναφέρεται στις ψυκτικές διεργασίες. Το ενδιαφέρον του αναγνώστη πηγάζει από την ανάγκη ενημέρωσης επί του θέματος της προστασίας του στρατοσφαιρικού όζοντος ως συνάρτηση της επιβάρυνσης από τα συστήματα ψύξης-κλιματισμού.Στο 8ο κεφάλαιο παρατίθεται η απόσταξη ως μέθοδος διαχωρισμού με ευρύ αντικείμενο στη λειτουργία των διυλιστηρίων.</subfield>
  </datafield>
  <datafield tag="650" ind1=" " ind2="0">
   <subfield code="a">Heat</subfield>
   <subfield code="x">Transmission</subfield>
   <subfield code="8">2651</subfield>
  </datafield>
  <datafield tag="653" ind1=" " ind2=" ">
   <subfield code="a">Ενίσχυση/Αποστακτικές στήλες</subfield>
  </datafield>
  <datafield tag="653" ind1=" " ind2=" ">
   <subfield code="a">Ψυκτικές διεργασίες</subfield>
  </datafield>
  <datafield tag="653" ind1=" " ind2=" ">
   <subfield code="a">Προσρόφηση</subfield>
  </datafield>
  <datafield tag="653" ind1=" " ind2=" ">
   <subfield code="a">Ξήρανση ξηραντήρες</subfield>
  </datafield>
  <datafield tag="653" ind1=" " ind2=" ">
   <subfield code="a">Εκρόφηση</subfield>
  </datafield>
  <datafield tag="653" ind1=" " ind2=" ">
   <subfield code="a">Απορρόφηση</subfield>
  </datafield>
  <datafield tag="653" ind1=" " ind2=" ">
   <subfield code="a">Πύργοι πληρωτικών υλικών</subfield>
  </datafield>
  <datafield tag="653" ind1=" " ind2=" ">
   <subfield code="a">Πύργοι δίσκων</subfield>
  </datafield>
  <datafield tag="653" ind1=" " ind2=" ">
   <subfield code="a">Πύργοι ψύξης</subfield>
  </datafield>
  <datafield tag="653" ind1=" " ind2=" ">
   <subfield code="a">Μεταφορά θερμότητας μάζας</subfield>
  </datafield>
  <datafield tag="653" ind1=" " ind2=" ">
   <subfield code="a">Τεχνολογία και επιστήμες μηχανικών</subfield>
   <subfield code="a">Τεχνολογία και μηχανική περιβάλλοντος</subfield>
  </datafield>
  <datafield tag="653" ind1=" " ind2=" ">
   <subfield code="a">Τεχνολογία και επιστήμες μηχανικών</subfield>
   <subfield code="a">Χημική τεχνολογία και μηχανική περιβάλλοντος</subfield>
  </datafield>
  <datafield tag="653" ind1=" " ind2=" ">
   <subfield code="a">Τεχνολογία και επιστήμες μηχανικών</subfield>
   <subfield code="a">Μηχανολογική μηχανική και τεχνολογία</subfield>
  </datafield>
  <datafield tag="700" ind1="1" ind2=" ">
   <subfield code="a">Αρετάκης, Νικόλαος</subfield>
   <subfield code="e">Κριτικός αναγνώστης</subfield>
   <subfield code="8">2561</subfield>
  </datafield>
  <datafield tag="856" ind1="4" ind2="0">
   <subfield code="u">http://hdl.handle.net/11419/2118</subfield>
   <subfield code="z">Πλήρες Κείμενο - Full text</subfield>
  </datafield>
  <datafield tag="907" ind1=" " ind2=" ">
   <subfield code="a">.b25678826</subfield>
   <subfield code="b">12-06-18</subfield>
   <subfield code="c">29-07-16</subfield>
  </datafield>
  <datafield tag="949" ind1=" " ind2=" ">
   <subfield code="0">0</subfield>
   <subfield code="1">0</subfield>
   <subfield code="2">ddc</subfield>
   <subfield code="4">0</subfield>
   <subfield code="6">536_200000000000000_ΣΤΕ</subfield>
   <subfield code="7">0</subfield>
   <subfield code="8">KALL</subfield>
   <subfield code="8">641</subfield>
   <subfield code="d">2016-04-13</subfield>
   <subfield code="r">2016-04-13</subfield>
   <subfield code="w">2016-04-13</subfield>
   <subfield code="z">536.2 ΣΤΕ</subfield>
   <subfield code="o">SEAB KALLIPOS</subfield>
  </datafield>
  <datafield tag="998" ind1=" " ind2=" ">
   <subfield code="a">80</subfield>
   <subfield code="a">01</subfield>
   <subfield code="a">02</subfield>
   <subfield code="a">03</subfield>
   <subfield code="a">04</subfield>
   <subfield code="a">05</subfield>
   <subfield code="a">06</subfield>
   <subfield code="a">07</subfield>
   <subfield code="a">08</subfield>
   <subfield code="a">09</subfield>
   <subfield code="a">10</subfield>
   <subfield code="a">11</subfield>
   <subfield code="a">12</subfield>
   <subfield code="a">13</subfield>
   <subfield code="a">14</subfield>
   <subfield code="a">15</subfield>
   <subfield code="a">16</subfield>
   <subfield code="a">17</subfield>
   <subfield code="a">18</subfield>
   <subfield code="a">19</subfield>
   <subfield code="a">20</subfield>
   <subfield code="a">21</subfield>
   <subfield code="a">22</subfield>
   <subfield code="a">23</subfield>
   <subfield code="a">24</subfield>
   <subfield code="a">25</subfield>
   <subfield code="a">26</subfield>
   <subfield code="b">12-05-17</subfield>
   <subfield code="c">m</subfield>
   <subfield code="d">z  </subfield>
   <subfield code="e">-</subfield>
   <subfield code="f">gre</subfield>
   <subfield code="g">gr </subfield>
   <subfield code="h">0</subfield>
  </datafield>
  <datafield tag="942" ind1=" " ind2=" ">
   <subfield code="2">ddc</subfield>
   <subfield code="c">KALLIPOS</subfield>
  </datafield>
 </record>
</collection>
